00359nam a2200145Ia 45000030006000000080041000060400015000471000026000622450030000882500006001182600052001243000006001765460014001820050017001960STCL150530s9999 xx 000 0 und d aSTCLcSTCL aNagavalli Kurup, R.S. aManushya Nee Marakkaruthu a2 bSahithya Pravarthaka Co Operative Societyc1962 a0 aMalayalam20220125171654.0